000 00303nam a2200121Ia 4500
008 190216s9999||||xx |||||||||||||| ||und||
100 _aSheik Am
245 0 _aHuman Resource Development & Management
260 _bS Chand & Co
_c2003
300 _a269
650 _aHuman Resource Management
942 _cBK
999 _c6577
_d6577